[Event "CYCC U14"]
[Site "Ottawa CAN"]
[Date "2007.07.06"]
[Round "7"]
[White "Poulin, Mathieu"]
[Black "Fan, Brendan"]
[Result "0-1"]
[WhiteElo "1107"]
[BlackElo "1914"]
[PlyCount "144"]
[GameId "2160767910659262"]
[EventDate "2007.07.03"]
[EventType "swiss"]
[EventRounds "7"]
[EventCountry "CAN"]
[SourceTitle "EXT 2022"]
[Source "ChessBase"]
[SourceDate "2021.10.06"]
[SourceVersion "1"]
[SourceVersionDate "2021.10.06"]
[SourceQuality "1"]

1. d4 Nf6 2. c4 e6 3. Nc3 Bb4 4. Qc2 c5 5. Nf3 O-O 6. Bg5 d6 7. e3 Nbd7 8. Bd3 h6 9. Bh4 b6 10. O-O Bxc3 11. Qxc3 Bb7 12. Nd2 Rc8 13. Bg3 Qe7 14. Rac1 Nh5 15. Be4 Ba6 16. Bf3 Nxg3 17. hxg3 f5 18. Qa3 Nb8 19. d5 e5 20. g4 g6 21. gxf5 gxf5 22. e4 Qg5 23. Qe3 f4 24. Qe2 Rc7 25. Bg4 Rg7 26. Be6+ Kh8 27. f3 Bc8 28. Bxc8 Rxc8 29. Rf2 Rcg8 30. Nb1 Nd7 31. Nc3 Nf8 32. Nb5 Qf6 33. Rc2 Rg3 34. Kf1 a6 35. Nc3 Qh4 36. Ke1 Rxg2 37. Nd1 Qh1+ 38. Kd2 h5 39. Kc3 Rxf2 40. Nxf2 Qg2 41. Qd3 Rg3 42. Nd1 Qxf3 43. Qxf3 Rxf3+ 44. Kd2 Rg3 45. Kc1 Kg7 46. Rh2 Kg6 47. Kd2 Nd7 48. Nf2 Nf6 49. Nd3 Nxe4+ 50. Ke2 Re3+ 51. Kf1 Rxd3 52. Rg2+ Ng3+ 53. Ke1 Kg5 54. b4 Kg4 55. bxc5 bxc5 56. a4 h4 57. a5 h3 58. Rh2 Re3+ 59. Kd1 Re2 60. Rh1 Ra2 61. Ke1 Ra1+ 62. Kf2 Nxh1+ 63. Ke2 Re1+ 64. Kxe1 Ng3 65. Kf2 h2 66. Ke1 h1=Q+ 67. Kd2 f3 68. Ke3 Qe1+ 69. Kd3 f2 70. Kc2 f1=Q 71. Kb2 Qa1+ 72. Kc2 Qfd1# 0-1

[Event "CYCC U14"]
[Site "Ottawa CAN"]
[Date "2007.07.06"]
[Round "7"]
[White "Prysiazny, Michael"]
[Black "Rakov, Pavel"]
[Result "0-1"]
[WhiteElo "1648"]
[BlackElo "1892"]
[PlyCount "50"]
[GameId "2160767910659263"]
[EventDate "2007.07.03"]
[EventType "swiss"]
[EventRounds "7"]
[EventCountry "CAN"]
[SourceTitle "EXT 2022"]
[Source "ChessBase"]
[SourceDate "2021.10.06"]
[SourceVersion "1"]
[SourceVersionDate "2021.10.06"]
[SourceQuality "1"]

1. e4 e6 2. d4 d5 3. Nc3 Bb4 4. e5 Qd7 5. Bd3 b6 6. a3 Bxc3+ 7. bxc3 Ba6 8. Bxa6 Nxa6 9. Be3 Nb8 10. f4 Ne7 11. Nf3 Nbc6 12. Qe2 Na5 13. Nd2 Qc6 14. Qd3 h5 15. Bf2 Nf5 16. h3 O-O-O 17. Ke2 h4 18. Rab1 Nc4 19. Nxc4 dxc4 20. Qf3 Rd5 21. g4 hxg3 22. Bxg3 Kd7 23. Bf2 a5 24. Kd2 Rxd4+ 25. Ke2 Rd2+ 0-1

[Event "CYCC U14"]
[Site "Ottawa CAN"]
[Date "2007.07.06"]
[Round "7"]
[White "Sapozhnikov, Roman"]
[Black "MacKinnon, Keith"]
[Result "1/2-1/2"]
[WhiteElo "2200"]
[BlackElo "1994"]
[PlyCount "79"]
[GameId "2160767910659264"]
[EventDate "2007.07.03"]
[EventType "swiss"]
[EventRounds "7"]
[EventCountry "CAN"]
[SourceTitle "EXT 2022"]
[Source "ChessBase"]
[SourceDate "2021.10.06"]
[SourceVersion "1"]
[SourceVersionDate "2021.10.06"]
[SourceQuality "1"]

1. c4 Nf6 2. Nc3 g6 3. Nf3 Bg7 4. d4 d6 5. Bf4 O-O 6. e3 Nbd7 7. Be2 Nh5 8. Bg5 f5 9. Nd2 Nhf6 10. O-O e5 11. b4 h6 12. Bxf6 Nxf6 13. c5 exd4 14. exd4 d5 15. Qb3 c6 16. b5 Ne4 17. Ndxe4 fxe4 18. Nxe4 Qh4 19. Bd3 Bxd4 20. Rae1 Qe7 21. Qb4 Qe5 22. Kh1 Qg7 23. Nd6 Bc3 24. Qh4 Bxe1 25. Rxe1 g5 26. Qh5 Rb8 27. Ne8 Bg4 28. Nxg7 Bxh5 29. Nxh5 Rxf2 30. h3 Kf7 31. a4 Re8 32. Bg6+ Kxg6 33. Rxe8 Kxh5 34. Re7 cxb5 35. axb5 Rc2 36. b6 a5 37. Rxb7 Rxc5 38. Rd7 Kg6 39. b7 Rb5 40. Rxd5 1/2-1/2

[Event "CYCC U14"]
[Site "Ottawa CAN"]
[Date "2007.07.06"]
[Round "7"]
[White "Szalay, Karoly"]
[Black "Martchenko, Alexander"]
[Result "0-1"]
[WhiteElo "2174"]
[BlackElo "2156"]
[PlyCount "72"]
[GameId "2160767910659265"]
[EventDate "2007.07.03"]
[EventType "swiss"]
[EventRounds "7"]
[EventCountry "CAN"]
[SourceTitle "EXT 2022"]
[Source "ChessBase"]
[SourceDate "2021.10.06"]
[SourceVersion "1"]
[SourceVersionDate "2021.10.06"]
[SourceQuality "1"]

1. e4 c5 2. Nf3 Nc6 3. d4 cxd4 4. Nxd4 Nf6 5. Nc3 e5 6. Ndb5 d6 7. Bg5 a6 8. Na3 b5 9. Nd5 Be7 10. Bxf6 Bxf6 11. c3 Bg5 12. Nc2 O-O 13. a4 bxa4 14. Rxa4 a5 15. Bc4 Bd7 16. Ra2 a4 17. Ncb4 Na5 18. Bd3 Nb3 19. O-O Nc5 20. Bc2 g6 21. Qe2 Bh6 22. Rfa1 f5 23. exf5 gxf5 24. b3 Qg5 25. Nb6 Ra7 26. Nxd7 Rxd7 27. bxa4 Rg7 28. f3 Kh8 29. Bd3 Nb3 30. a5 Nc1 31. Qc2 Nxa2 32. Rxa2 Qe3+ 33. Kf1 e4 34. Be2 Rxg2 35. Kxg2 Rg8+ 36. Kh3 Qg5 0-1

[Event "CYCC U14"]
[Site "Ottawa CAN"]
[Date "2007.07.06"]
[Round "7"]
[White "Wang, Jesse BJ"]
[Black "Raymer, Elliot"]
[Result "1-0"]
[WhiteElo "1793"]
[BlackElo "1827"]
[PlyCount "87"]
[GameId "2160767910659266"]
[EventDate "2007.07.03"]
[EventType "swiss"]
[EventRounds "7"]
[EventCountry "CAN"]

1. e4 e5 2. Nf3 Nc6 3. Bb5 a6 4. Ba4 Nf6 5. O-O b5 6. Bb3 Be7 7. Re1 d6 8. c3 Bg4 9. d3 O-O 10. Nbd2 Na5 11. Bc2 c5 12. Nf1 Qc8 13. h3 Be6 14. Ng3 Nc6 15. Bb1 Rd8 16. d4 cxd4 17. cxd4 Nxd4 18. Nxd4 exd4 19. Qxd4 d5 20. e5 Nd7 21. Bf5 Nf8 22. Qg4 Ng6 23. Bd2 Bh4 24. Rac1 Qd7 25. Bxe6 fxe6 26. Bb4 Rac8 27. Nf1 Qf7 28. Qd4 Bg5 29. Rc5 Qa7 30. Qg4 Rxc5 31. Bxc5 Qxc5 32. Qxg5 Qe7 33. Qxe7 Nxe7 34. Rc1 d4 35. a3 Ng6 36. Re1 Rd5 37. Re4 d3 38. Nd2 Nxe5 39. b3 Kf7 40. f4 Nd7 41. Kf2 a5 42. b4 axb4 43. Rxb4 e5 44. Ke3 1-0

[Event "CYCC U14 w"]
[Site "Ottawa CAN"]
[Date "2007.07.03"]
[Round "1"]
[White "Frenette, Catherine"]
[Black "Johnston, Jennifer"]
[Result "1-0"]
[WhiteElo "1752"]
[BlackElo "978"]
[PlyCount "47"]
[GameId "2160767910659267"]
[EventDate "2007.07.03"]
[EventType "swiss"]
[EventRounds "5"]
[EventCountry "CAN"]
[SourceTitle "EXT 2022"]
[Source "ChessBase"]
[SourceDate "2021.10.06"]
[SourceVersion "1"]
[SourceVersionDate "2021.10.06"]
[SourceQuality "1"]

1. d4 d5 2. c4 Nf6 3. cxd5 Nxd5 4. e4 Nf6 5. Nc3 e6 6. Nf3 Bb4 7. Bd3 Bxc3+ 8. bxc3 Nc6 9. O-O Bd7 10. Ba3 Ng4 11. Qc2 e5 12. h3 Nh6 13. d5 Ne7 14. Nxe5 f6 15. Nxd7 Qxd7 16. Rab1 O-O-O 17. Bb5 c6 18. Bxe7 Qxe7 19. dxc6 a6 20. cxb7+ Kxb7 21. Bxa6+ Ka8 22. Qa4 Qa7 23. Qc6+ Qb7 24. Qxb7# 1-0

[Event "CYCC U14 w"]
[Site "Ottawa CAN"]
[Date "2007.07.03"]
[Round "1"]
[White "Lam, Karen"]
[Black "Hardy, Isabelle"]
[Result "0-1"]
[WhiteElo "720"]
[BlackElo "1589"]
[PlyCount "62"]
[GameId "2160767910659268"]
[EventDate "2007.07.03"]
[EventType "swiss"]
[EventRounds "5"]
[EventCountry "CAN"]
[SourceTitle "EXT 2022"]
[Source "ChessBase"]
[SourceDate "2021.10.06"]
[SourceVersion "1"]
[SourceVersionDate "2021.10.06"]
[SourceQuality "1"]

1. e4 e5 2. Nf3 Nc6 3. Nc3 Nf6 4. Bb5 Bc5 5. Bxc6 bxc6 6. d4 exd4 7. Nxd4 O-O 8. O-O Ba6 9. Re1 Re8 10. Bg5 h6 11. Bh4 Be7 12. e5 Nd5 13. Bxe7 Rxe7 14. b3 Nxc3 15. Qg4 Re8 16. Nf5 Qg5 17. Qf3 Ne2+ 18. Rxe2 Bxe2 19. Qe4 Bg4 20. Ne3 f5 21. Qd4 f4 22. f3 Bxf3 23. Kf2 fxe3+ 24. Kxf3 Rxe5 25. Qxd7 Rf8+ 26. Ke2 Qxg2+ 27. Kd3 Qd2+ 28. Kc4 Qxd7 29. Kc3 Rc5+ 30. Kb4 Qd4+ 31. Ka3 Ra5# 0-1

[Event "CYCC U14 w"]
[Site "Ottawa CAN"]
[Date "2007.07.03"]
[Round "1"]
[White "Orlova, Yelizaveta"]
[Black "Mongenais, Catherine"]
[Result "1-0"]
[WhiteElo "1895"]
[BlackElo "1424"]
[PlyCount "45"]
[GameId "2160767910659269"]
[EventDate "2007.07.03"]
[EventType "swiss"]
[EventRounds "5"]
[EventCountry "CAN"]
[SourceTitle "EXT 2022"]
[Source "ChessBase"]
[SourceDate "2021.10.06"]
[SourceVersion "1"]
[SourceVersionDate "2021.10.06"]
[SourceQuality "1"]

1. d4 d5 2. Nf3 Nc6 3. e3 Nf6 4. Bd3 e6 5. b3 Bd6 6. Bb2 Bd7 7. Nbd2 Qe7 8. Ne5 Nxe5 9. dxe5 Bc5 10. exf6 gxf6 11. a3 Rg8 12. g3 e5 13. b4 Bd6 14. c4 dxc4 15. Nxc4 Bc6 16. Rg1 Rd8 17. Qb3 Rg7 18. e4 b5 19. Ne3 Bd7 20. O-O-O Be6 21. Nd5 c6 22. Nxe7 Bxb3 23. Nxc6 1-0

[Event "CYCC U14 w"]
[Site "Ottawa CAN"]
[Date "2007.07.03"]
[Round "1"]
[White "Powell, Samantha"]
[Black "Kagramanov, Dalia"]
[Result "0-1"]
[WhiteElo "1374"]
[BlackElo "1774"]
[PlyCount "58"]
[GameId "2160767910659270"]
[EventDate "2007.07.03"]
[EventType "swiss"]
[EventRounds "5"]
[EventCountry "CAN"]
[SourceTitle "EXT 2022"]
[Source "ChessBase"]
[SourceDate "2021.10.06"]
[SourceVersion "1"]
[SourceVersionDate "2021.10.06"]
[SourceQuality "1"]

1. e4 c5 2. Nf3 d6 3. d4 cxd4 4. Nxd4 Nf6 5. Nc3 Nc6 6. Be3 Ng4 7. Qd2 Nxe3 8. Qxe3 e6 9. O-O-O Be7 10. Kb1 O-O 11. Nxc6 bxc6 12. e5 d5 13. g3 Qa5 14. Qf3 Rb8 15. Bd3 Ba6 16. Bxa6 Qxa6 17. h4 Rb6 18. Qd3 Qa5 19. f4 c5 20. g4 c4 21. Qd4 Bc5 22. Qd2 Rfb8 23. f5 Rxb2+ 24. Ka1 d4 25. Rb1 dxc3 26. Rxb2 Rxb2 27. Qd8+ Qxd8 28. Rb1 Rxb1+ 29. Kxb1 Qd1# 0-1

[Event "CYCC U14 w"]
[Site "Ottawa CAN"]
[Date "2007.07.03"]
[Round "2"]
[White "Hardy, Isabelle"]
[Black "Orlova, Yelizaveta"]
[Result "0-1"]
[WhiteElo "1589"]
[BlackElo "1895"]
[PlyCount "54"]
[GameId "2160767910659271"]
[EventDate "2007.07.03"]
[EventType "swiss"]
[EventRounds "5"]
[EventCountry "CAN"]
[SourceTitle "EXT 2022"]
[Source "ChessBase"]
[SourceDate "2021.10.06"]
[SourceVersion "1"]
[SourceVersionDate "2021.10.06"]
[SourceQuality "1"]

1. e4 c5 2. Nf3 Nc6 3. Bc4 e6 4. d4 cxd4 5. Nxd4 d6 6. Nc3 a6 7. O-O Nf6 8. Bg5 Be7 9. Nxc6 bxc6 10. Bd3 O-O 11. Re1 Nd7 12. Be3 Ne5 13. Bd4 Nxd3 14. Qxd3 d5 15. exd5 cxd5 16. Re3 Bf6 17. Rh3 h6 18. Rg3 Re8 19. Ne2 e5 20. Be3 e4 21. Qb3 Bh4 22. Rxg7+ Kxg7 23. Bd4+ Bf6 24. Qg3+ Kh7 25. Bxf6 Qxf6 26. Nf4 Rg8 27. Nh5 Qxb2 0-1

[Event "CYCC U14 w"]
[Site "Ottawa CAN"]
[Date "2007.07.03"]
[Round "2"]
[White "Kagramanov, Dalia"]
[Black "Frenette, Catherine"]
[Result "1/2-1/2"]
[WhiteElo "1774"]
[BlackElo "1752"]
[PlyCount "110"]
[GameId "2160767910659273"]
[EventDate "2007.07.03"]
[EventType "swiss"]
[EventRounds "5"]
[EventCountry "CAN"]
[SourceTitle "EXT 2022"]
[Source "ChessBase"]
[SourceDate "2021.10.06"]
[SourceVersion "1"]
[SourceVersionDate "2021.10.06"]
[SourceQuality "1"]

1. e4 c5 2. Nf3 d6 3. d4 cxd4 4. Nxd4 Nf6 5. Nc3 a6 6. Bg5 e6 7. Qd2 Be7 8. Be2 b6 9. O-O-O Bb7 10. f3 Nbd7 11. h4 Qc7 12. g4 d5 13. Bxf6 Nxf6 14. g5 Nh5 15. exd5 exd5 16. Nf5 O-O 17. Nxd5 Bxd5 18. Qxd5 Rfd8 19. Qe4 b5 20. Qxe7 Qf4+ 21. Kb1 Re8 22. Qd7 Rxe2 23. Qd8+ Re8 24. Qd3 Ng3 25. Nxg3 Qxg3 26. Rdg1 Qc7 27. h5 Rad8 28. Qf5 Re5 29. Qg4 Rd2 30. Rc1 Ree2 31. Qf5 Qc6 32. Rhe1 g6 33. hxg6 fxg6 34. Qf4 Rxe1 35. Qxd2 Rxc1+ 36. Kxc1 Qxf3 37. Qd8+ Qf8 38. Qxf8+ Kxf8 39. Kd2 Ke8 40. Kd3 Kd7 41. Kd4 Ke6 42. b3 Kf5 43. c4 Kxg5 44. Ke5 h5 45. c5 h4 46. c6 h3 47. c7 h2 48. c8=Q h1=Q 49. Qd8+ Kg4 50. Qd7+ Kg3 51. Qd3+ Kf2 52. Qd2+ Kf1 53. Qd1+ Kg2 54. Qe2+ Kg3 55. Qd3+ Kf2 1/2-1/2

[Event "CYCC U14 w"]
[Site "Ottawa CAN"]
[Date "2007.07.04"]
[Round "3"]
[White "Frenette, Catherine"]
[Black "Hardy, Isabelle"]
[Result "1-0"]
[WhiteElo "1752"]
[BlackElo "1589"]
[PlyCount "65"]
[GameId "2160767910659274"]
[EventDate "2007.07.03"]
[EventType "swiss"]
[EventRounds "5"]
[EventCountry "CAN"]
[SourceTitle "EXT 2022"]
[Source "ChessBase"]
[SourceDate "2021.10.06"]
[SourceVersion "1"]
[SourceVersionDate "2021.10.06"]
[SourceQuality "1"]

1. d4 d5 2. c4 Nf6 3. cxd5 Nxd5 4. e4 Nf6 5. Nc3 e6 6. Nf3 Bb4 7. Bd3 c5 8. O-O cxd4 9. Nxd4 Qxd4 10. Bb5+ Qd7 11. Bxd7+ Bxd7 12. Qb3 Nc6 13. Be3 b6 14. Rac1 Bxc3 15. Qxc3 Nxe4 16. Qxg7 O-O-O 17. Qxf7 Rdf8 18. Qg7 e5 19. Qxe5 Re8 20. Qd4 Nc5 21. Qd2 Rhg8 22. Rfd1 Bh3 23. g3 Bg4 24. Re1 Rd8 25. Qc2 Bf3 26. Bxc5 bxc5 27. Qxc5 Rd7 28. Re7 Rgd8 29. Rxd7 Rxd7 30. Qf8+ Kb7 31. Qxf3 Rc7 32. Kf1 Kb6 33. Qb3+ 1-0

[Event "CYCC U14 w"]
[Site "Ottawa CAN"]
[Date "2007.07.04"]
[Round "3"]
[White "Mongenais, Catherine"]
[Black "Lam, Karen"]
[Result "1-0"]
[WhiteElo "1424"]
[BlackElo "720"]
[PlyCount "137"]
[GameId "2160767910659275"]
[EventDate "2007.07.03"]
[EventType "swiss"]
[EventRounds "5"]
[EventCountry "CAN"]
[SourceTitle "EXT 2022"]
[Source "ChessBase"]
[SourceDate "2021.10.06"]
[SourceVersion "1"]
[SourceVersionDate "2021.10.06"]
[SourceQuality "1"]

1. e4 e5 2. Nf3 Nc6 3. Bc4 Nf6 4. d4 d6 5. dxe5 dxe5 6. Qxd8+ Kxd8 7. Nc3 Be6 8. Bxe6 fxe6 9. Be3 Bd6 10. O-O-O Rf8 11. h3 a6 12. Bc5 Ne8 13. Ng5 Ke7 14. Bxd6+ cxd6 15. Nf3 h6 16. Rhf1 Rc8 17. a3 b5 18. Rd3 g5 19. g4 Nc7 20. h4 gxh4 21. Nxh4 Rf4 22. Ng6+ Ke8 23. Nxf4 exf4 24. Rxd6 Ne5 25. f3 Ke7 26. Rd4 Rd8 27. Rxd8 Kxd8 28. Rd1+ Ke7 29. Rh1 Nf7 30. e5 a5 31. Ne2 Nd5 32. Nc3 Nc7 33. b4 axb4 34. axb4 Kd7 35. Rd1+ Ke7 36. Rh1 Ke8 37. Ne2 Nd5 38. Nd4 Ke7 39. Nxb5 Nxb4 40. Kd2 Kd7 41. c3 Nc6 42. Nd4 Ncxe5 43. Ra1 Kd6 44. Ra6+ Kd5 45. Rxe6 Nc4+ 46. Kc2 Na3+ 47. Kb3 Nc4 48. Rf6 Nfe5 49. Rxh6 Nf7 50. Rf6 Ncd6 51. Rxf4 Ke5 52. Rxf7 Nxf7 53. Nc6+ Kf4 54. Nd4 Ne5 55. c4 Nd7 56. Ne6+ Kxf3 57. g5 Kg4 58. g6 Kh5 59. g7 Kg6 60. g8=R+ Kf5 61. c5 Kxe6 62. c6 Nb6 63. Rb8 Nd5 64. Kc4 Kd6 65. Rd8+ Kxc6 66. Rxd5 Kb6 67. Rb5+ Kc6 68. Rh5 Kd7 69. Kd5 1-0

[Event "CYCC U14 w"]
[Site "Ottawa CAN"]
[Date "2007.07.04"]
[Round "3"]
[White "Orlova, Yelizaveta"]
[Black "Kagramanov, Dalia"]
[Result "1-0"]
[WhiteElo "1895"]
[BlackElo "1774"]
[PlyCount "153"]
[GameId "2160767910659276"]
[EventDate "2007.07.03"]
[EventType "swiss"]
[EventRounds "5"]
[EventCountry "CAN"]
[SourceTitle "EXT 2022"]
[Source "ChessBase"]
[SourceDate "2021.10.06"]
[SourceVersion "1"]
[SourceVersionDate "2021.10.06"]
[SourceQuality "1"]

1. d4 Nf6 2. Nf3 g6 3. Nbd2 d5 4. e3 Bg7 5. b3 c5 6. Bb2 Nc6 7. Bd3 b6 8. Rc1 O-O 9. c4 Nb4 10. Bb1 Bf5 11. a3 Nd3+ 12. Bxd3 Bxd3 13. Ne5 Bf5 14. O-O Rc8 15. Qe2 Qd6 16. Rfd1 Rfd8 17. dxc5 Rxc5 18. b4 Rcc8 19. Ndf3 Ne4 20. Rxd5 Qc7 21. Rcd1 Rxd5 22. cxd5 Qc2 23. Re1 e6 24. g4 f6 25. gxf5 fxe5 26. fxe6 Qb3 27. Qa6 Rf8 28. e7 Re8 29. Bxe5 Bxe5 30. Nxe5 Qxd5 31. Qc4 Qxc4 32. Nxc4 Rxe7 33. Rd1 Rc7 34. Ne5 Nf6 35. Rd3 Kf8 36. f4 Ke7 37. b5 Ke6 38. Nc6 Kf5 39. Rd4 Ke6 40. e4 h5 41. e5 Ng4 42. Rd6+ Kf5 43. h3 Ne3 44. e6 Nc4 45. Rd7 Rc8 46. e7 Re8 47. Rd8 Rxe7 48. Nxe7+ Kf6 49. Nc6 Nxa3 50. Nxa7 Kf5 51. Rg8 Kxf4 52. Rxg6 Nc4 53. Nc8 Kf5 54. Nxb6 Na3 55. Rc6 Ke4 56. Rc5 h4 57. Nd7 Kd4 58. Rh5 Ke3 59. b6 Nc4 60. Rb5 Nd6 61. b7 Nxb7 62. Rxb7 Kf3 63. Rb3+ Kf4 64. Kf2 Ke4 65. Nf6+ Kf4 66. Rb4+ Kf5 67. Rxh4 Kxf6 68. Rh5 Kg6 69. Ra5 Kh6 70. Kg3 Kg6 71. Kg4 Kh6 72. Ra6+ Kg7 73. Kg5 Kh7 74. Ra7+ Kg8 75. Kf6 Kh8 76. Kg6 Kg8 77. Ra8# 1-0

[Event "CYCC U14 w"]
[Site "Ottawa CAN"]
[Date "2007.07.04"]
[Round "3"]
[White "Sunatori, Evelyne"]
[Black "Johnston, Jennifer"]
[Result "1-0"]
[WhiteElo "1418"]
[BlackElo "978"]
[PlyCount "121"]
[GameId "2160767910659277"]
[EventDate "2007.07.03"]
[EventType "swiss"]
[EventRounds "5"]
[EventCountry "CAN"]
[SourceTitle "EXT 2022"]
[Source "ChessBase"]
[SourceDate "2021.10.06"]
[SourceVersion "1"]
[SourceVersionDate "2021.10.06"]
[SourceQuality "1"]

1. e4 e5 2. Nf3 Nc6 3. Bc4 Bc5 4. O-O Nf6 5. Nc3 d6 6. h3 Be6 7. Bxe6 fxe6 8. Ng5 Qe7 9. d3 d5 10. Be3 d4 11. Bxd4 exd4 12. Na4 O-O-O 13. Nxc5 Qxc5 14. Nxe6 Qh5 15. Nxd8 Nxd8 16. Qxh5 Nxh5 17. g4 Nf4 18. Kh2 Rf8 19. Rae1 Nde6 20. h4 g5 21. Kg3 gxh4+ 22. Kxh4 Ng2+ 23. Kh5 Nxe1 24. Rxe1 Nf4+ 25. Kh6 Rf7 26. g5 Ng6 27. e5 Re7 28. e6 Nf4 29. Re4 Rxe6+ 30. Rxe6 Nxe6 31. f4 Nxf4 32. Kxh7 Kd8 33. Kg7 Ne6+ 34. Kf6 Nf8 35. Kf7 Nh7 36. g6 Ng5+ 37. Kf6 Ke8 38. g7 Nh7+ 39. Kg6 Nf8+ 40. Kf6 Nd7+ 41. Kg6 Nf8+ 42. Kf6 Nh7+ 43. Kg6 Nf8+ 44. gxf8=Q+ Kxf8 45. Kf6 Ke8 46. Ke6 b6 47. Kd5 c5 48. Kc6 Kd8 49. Kb7 Kd7 50. Kxa7 Kc6 51. c4 b5 52. b3 bxc4 53. bxc4 Kd6 54. Kb6 Ke5 55. Kxc5 Kf4 56. Kxd4 Kf3 57. c5 Ke2 58. c6 Kd2 59. c7 Kc2 60. c8=Q+ Kb2 61. a4 1-0

[Event "CYCC U14 w"]
[Site "Ottawa CAN"]
[Date "2007.07.04"]
[Round "4"]
[White "Frenette, Catherine"]
[Black "Orlova, Yelizaveta"]
[Result "0-1"]
[WhiteElo "1752"]
[BlackElo "1895"]
[PlyCount "138"]
[GameId "2160767910659278"]
[EventDate "2007.07.03"]
[EventType "swiss"]
[EventRounds "5"]
[EventCountry "CAN"]
[SourceTitle "EXT 2022"]
[Source "ChessBase"]
[SourceDate "2021.10.06"]
[SourceVersion "1"]
[SourceVersionDate "2021.10.06"]
[SourceQuality "1"]

1. d4 c5 2. d5 e5 3. c4 d6 4. Nc3 Be7 5. e4 Bg5 6. Nge2 Bxc1 7. Qxc1 Nh6 8. Ng3 Na6 9. Be2 Nc7 10. O-O O-O 11. a3 f5 12. f4 Qe7 13. Qe3 fxe4 14. Ncxe4 Nf5 15. Nxf5 Bxf5 16. Ng3 Rae8 17. fxe5 Qxe5 18. Qxe5 Rxe5 19. Nxf5 Rexf5 20. Rxf5 Rxf5 21. Bd3 Re5 22. Kf2 a6 23. g4 b5 24. b3 g6 25. h4 Kg7 26. Rg1 Kf7 27. Rg3 Ke7 28. Rf3 bxc4 29. bxc4 Ke8 30. Bc2 Ke7 31. Rb3 Kf7 32. Rb6 Ke7 33. Rb7 Kd7 34. Rb8 g5 35. Bf5+ Ke7 36. hxg5 Ne8 37. Rb7+ Kf8 38. Kf3 Ng7 39. Kf4 Re1 40. Bxh7 Rf1+ 41. Kg3 Rg1+ 42. Kf3 Rf1+ 43. Kg2 Rf4 44. Kg3 Rxc4 45. Rb3 Rd4 46. Rf3+ Ke8 47. Bg8 c4 48. g6 Kd8 49. Kh4 Ne8 50. Be6 Rd3 51. Rf7 c3 52. Rd7+ Kc8 53. Rxd6+ Kc7 54. Rc6+ Kb7 55. Kg5 Rh3 56. Bc8+ Ka7 57. Bxa6 Re3 58. Kf4 Re7 59. Bd3 Rd7 60. Ke5 Nc7 61. Rc5 Kb6 62. Kd4 Ne6+ 63. Kxc3 Nxc5 64. Bc4 Rg7 65. Bd3 Nxd3 66. Kxd3 Rxg6 67. Ke4 Rxg4+ 68. Ke5 Kc5 69. d6 Rd4 0-1

[Event "CYCC U14 w"]
[Site "Ottawa CAN"]
[Date "2007.07.04"]
[Round "4"]
[White "Hardy, Isabelle"]
[Black "Mongenais, Catherine"]
[Result "0-1"]
[WhiteElo "1589"]
[BlackElo "1424"]
[PlyCount "56"]
[GameId "2160767910659279"]
[EventDate "2007.07.03"]
[EventType "swiss"]
[EventRounds "5"]
[EventCountry "CAN"]
[SourceTitle "EXT 2022"]
[Source "ChessBase"]
[SourceDate "2021.10.06"]
[SourceVersion "1"]
[SourceVersionDate "2021.10.06"]
[SourceQuality "1"]

1. e4 e5 2. Nf3 Nc6 3. Nc3 Nf6 4. Bc4 Nxe4 5. Nxe4 d5 6. Bxd5 Qxd5 7. Nc3 Qd8 8. h3 Be6 9. O-O Bd6 10. d4 exd4 11. Nxd4 Nxd4 12. Qxd4 Bh2+ 13. Kxh2 Qxd4 14. Be3 Qe5+ 15. Kg1 O-O-O 16. Bxa7 b6 17. Bxb6 cxb6 18. Rfe1 Qg5 19. Kh1 Bd5 20. Nxd5 Rxd5 21. Rad1 Rxd1 22. Rxd1 Rd8 23. Re1 Qb5 24. b3 Qd5 25. c4 Qd2 26. a4 Qxe1+ 27. Kh2 Qxf2 28. b4 Rd2 0-1

[Event "CYCC U14 w"]
[Site "Ottawa CAN"]
[Date "2007.07.04"]
[Round "4"]
[White "Powell, Samantha"]
[Black "Lam, Karen"]
[Result "1-0"]
[WhiteElo "1374"]
[BlackElo "720"]
[PlyCount "75"]
[GameId "2160767910659281"]
[EventDate "2007.07.03"]
[EventType "swiss"]
[EventRounds "5"]
[EventCountry "CAN"]
[SourceTitle "EXT 2022"]
[Source "ChessBase"]
[SourceDate "2021.10.06"]
[SourceVersion "1"]
[SourceVersionDate "2021.10.06"]
[SourceQuality "1"]

1. e4 e5 2. Nf3 Nc6 3. Bc4 Nf6 4. d4 Nxe4 5. O-O d6 6. dxe5 Bg4 7. h3 Bh5 8. Re1 Nc5 9. exd6+ Be7 10. dxe7 Nxe7 11. Qxd8+ Rxd8 12. Nc3 Bg6 13. Nd5 Rd7 14. Nxe7 Rxe7 15. Rxe7+ Kxe7 16. Bg5+ f6 17. Be3 b6 18. Bxc5+ bxc5 19. Re1+ Kd8 20. Rd1+ Ke8 21. Bb5+ Ke7 22. Rd7+ Kf8 23. Rd8+ Ke7 24. Rxh8 Ke6 25. Rc8 Kd6 26. Ra8 c6 27. Bd3 f5 28. Rxa7 h5 29. Ra6 Bf7 30. Bxf5 g6 31. Be4 Bd5 32. Bxd5 Kxd5 33. g4 hxg4 34. hxg4 Ke4 35. Ng5+ Kf4 36. Nf7 Kxg4 37. Rxc6 g5 38. Rxc5 1-0

[Event "CYCC U14 w"]
[Site "Ottawa CAN"]
[Date "2007.07.05"]
[Round "5"]
[White "Mongenais, Catherine"]
[Black "Kagramanov, Dalia"]
[Result "0-1"]
[WhiteElo "1424"]
[BlackElo "1774"]
[PlyCount "100"]
[GameId "2160767910659282"]
[EventDate "2007.07.03"]
[EventType "swiss"]
[EventRounds "5"]
[EventCountry "CAN"]
[SourceTitle "EXT 2022"]
[Source "ChessBase"]
[SourceDate "2021.10.06"]
[SourceVersion "1"]
[SourceVersionDate "2021.10.06"]
[SourceQuality "1"]

1. e4 c5 2. Nf3 d6 3. d4 cxd4 4. Nxd4 Nf6 5. Nc3 Nc6 6. Be3 Ng4 7. Qd2 Nxe3 8. Qxe3 e6 9. Bb5 Bd7 10. O-O Be7 11. Rad1 O-O 12. Rfe1 a6 13. Bd3 Qc7 14. f4 d5 15. Nce2 Bc5 16. g3 e5 17. fxe5 Qxe5 18. c3 f5 19. Kg2 fxe4 20. Bc2 Ba7 21. Qd2 e3 22. Qd3 Rf2+ 23. Kh1 Qh5 24. Qxh7+ Qxh7 25. Bxh7+ Kxh7 26. Nxc6 Bxc6 27. Nd4 Bxd4 28. Rxd4 Re8 29. Rf4 Rxf4 30. gxf4 d4+ 31. Kg1 d3 32. Kf1 Bf3 33. Rxe3 Rxe3 34. Kf2 Re2+ 35. Kxf3 Rxb2 36. Ke3 d2 37. Ke2 Rxa2 38. Kd1 Kg6 39. h3 Kf5 40. h4 Kxf4 41. h5 Ke3 42. h6 gxh6 43. c4 Ra1+ 44. Kc2 d1=Q+ 45. Kc3 Rc1+ 46. Kb4 Qd6+ 47. c5 Qxc5+ 48. Kb3 Rb1+ 49. Ka2 Rb6 50. Ka1 Qa5# 0-1

[Event "CYCC U14 w"]
[Site "Ottawa CAN"]
[Date "2007.07.05"]
[Round "5"]
[White "Powell, Samantha"]
[Black "Frenette, Catherine"]
[Result "0-1"]
[WhiteElo "1374"]
[BlackElo "1752"]
[PlyCount "84"]
[GameId "2160767910659283"]
[EventDate "2007.07.03"]
[EventType "swiss"]
[EventRounds "5"]
[EventCountry "CAN"]
[SourceTitle "EXT 2022"]
[Source "ChessBase"]
[SourceDate "2021.10.06"]
[SourceVersion "1"]
[SourceVersionDate "2021.10.06"]
[SourceQuality "1"]

1. e4 c5 2. Nf3 d6 3. d4 cxd4 4. Nxd4 Nf6 5. Nc3 a6 6. Be3 e6 7. Qd2 Be7 8. f3 b6 9. O-O-O Bb7 10. g4 Qc7 11. Kb1 Nfd7 12. Nb3 Ne5 13. Be2 Nbd7 14. f4 Nc6 15. a3 O-O 16. Rhg1 Rad8 17. h3 Nc5 18. Bxc5 dxc5 19. Qe3 Nb8 20. g5 c4 21. Nd2 Bc5 22. Qg3 Bxg1 23. Qxg1 b5 24. f5 exf5 25. exf5 Qf4 26. Kc1 Qxf5 27. h4 Nc6 28. Nf3 b4 29. Na4 b3 30. cxb3 cxb3 31. Rd3 Rxd3 32. Bxd3 Qxd3 33. Qd1 Qc4+ 34. Nc3 Rd8 35. Qe1 Qf4+ 36. Nd2 Ne5 37. h5 Nd3+ 38. Kd1 Nxe1 39. Kxe1 Qxd2+ 40. Kf1 Qg2+ 41. Ke1 Re8+ 42. Kd1 Qc2# 0-1